[Event "FIDE World Bl Team Pool B"]
[Site "Almaty"]
[Date "2024.08.05"]
[Round "1.16"]
[White "Pranav, V."]
[Black "Kovanova, Mariya"]
[Result "1-0"]
[WhiteElo "2598"]
[BlackElo "2118"]
[PlyCount "51"]
[EventDate "2024.08.05"]
[EventType "team (blitz)"]
[EventRounds "7"]
[EventCountry "KAZ"]
[SourceTitle "CBM 221 Extra"]
[Source "ChessBase"]
[SourceDate "2024.09.30"]
[SourceVersion "1"]
[SourceVersionDate "2024.09.30"]
[SourceQuality "1"]
[WhiteTeam "MGD1 Team"]
[BlackTeam "Helicopter"]
[WhiteTeamCountry "IND"]
[BlackTeamCountry "KAZ"]

1. e4 d5 2. exd5 Qxd5 3. Nc3 Qa5 4. d4 Nf6 5. Nf3 Bf5 6. Bc4 e6 7. Bd2 Bb4 8. 0-0 0-0 9. Re1 Nc6 10. a3 Bxc3 11. Bxc3 Qb6 12. h3 Rad8 13. Qe2 Nd5 14. Bb3 Nce7 15. Bd2 c5 16. dxc5 Qxc5 17. c4 Nf6 18. Bb4 Qc7 19. Rad1 b6 20. Nd4 Rfe8 21. Ba4 a5 22. Bxe7 Rxd4 23. Bxf6 Rxd1 24. Rxd1 Rc8 25. Be5 Qc5 26. Bb5 1-0

[Event "FIDE World Rapid Team"]
[Site "Almaty"]
[Date "2024.08.04"]
[Round "12.5"]
[White "Kovanova, Mariya"]
[Black "Nasybullina, Alfia"]
[Result "1/2-1/2"]
[WhiteElo "2118"]
[BlackElo "2034"]
[PlyCount "133"]
[EventDate "2024.08.02"]
[EventType "team (rapid)"]
[EventRounds "12"]
[EventCountry "KAZ"]
[SourceTitle "CBM 221 Extra"]
[Source "ChessBase"]
[SourceDate "2024.09.30"]
[SourceVersion "1"]
[SourceVersionDate "2024.09.30"]
[SourceQuality "1"]
[WhiteTeam "Helicopter"]
[BlackTeam "Greco"]
[WhiteTeamCountry "KAZ"]
[BlackTeamCountry "KAZ"]

1. e4 d5 2. Nc3 c6 3. Nf3 dxe4 4. Nxe4 Bf5 5. Ng3 Bg4 6. h3 Bxf3 7. Qxf3 Nf6 8. Bc4 Nbd7 9. 0-0 Ne5 10. Qe2 Nxc4 11. Qxc4 e6 12. d3 Bd6 13. Ne4 0-0 14. Bg5 Be7 15. Nxf6+ Bxf6 16. Bxf6 Qxf6 17. Qb4 b6 18. Rae1 c5 19. Qa3 Rfd8 20. Re3 Rd4 21. Qa6 Rd7 22. Qb5 Rad8 23. Rfe1 h6 24. Rf3 Qe7 25. Ree3 Rd4 26. Qc6 Rb4 27. b3 Rbd4 28. Rg3 R4d5 29. Qa4 Rd4 30. Qc6 Rf4 31. Rgf3 Rh4 32. Rg3 Qd7 33. Qxd7 Rxd7 34. Kf1 a5 35. Ke2 a4 36. Rg4 axb3 37. axb3 Rxg4 38. hxg4 Kf8 39. f3 Ra7 40. Kd2 Ke7 41. Kc3 Kd6 42. g3 Ra1 43. f4 Rc1 44. Kd2 Rg1 45. c4 g5 46. f5 e5 47. Kc3 f6 48. b4 cxb4+ 49. Kxb4 Rb1+ 50. Kc3 Kc5 51. Rf3 Re1 52. Kd2 Ra1 53. Kc3 Ra3+ 54. Kb2 Ra8 55. Kc3 Rd8 56. Rf2 Rd4 57. Rh2 e4 58. dxe4 Rxe4 59. Rxh6 Rxc4+ 60. Kb3 Rxg4 61. Rxf6 Rxg3+ 62. Kc2 Rf3 63. Kd2 b5 64. Rf8 Kb4 65. f6 g4 66. f7 Rf5 67. Ke3 1/2-1/2

[Event "FIDE World Rapid Team"]
[Site "Almaty"]
[Date "2024.08.03"]
[Round "7.11"]
[White "Kovanova, Mariya"]
[Black "Lesbekova, Asel"]
[Result "0-1"]
[WhiteElo "2118"]
[BlackElo "1903"]
[PlyCount "102"]
[EventDate "2024.08.02"]
[EventType "team (rapid)"]
[EventRounds "12"]
[EventCountry "KAZ"]
[SourceTitle "CBM 221 Extra"]
[Source "ChessBase"]
[SourceDate "2024.09.30"]
[SourceVersion "1"]
[SourceVersionDate "2024.09.30"]
[SourceQuality "1"]
[WhiteTeam "Helicopter"]
[BlackTeam "Noval Group Kyrgyzstan"]
[WhiteTeamCountry "KAZ"]
[BlackTeamCountry "KGZ"]

1. e4 e5 2. Nf3 Nf6 3. Nc3 Nc6 4. Be2 d5 5. exd5 Nxd5 6. 0-0 a6 7. b3 Nxc3 8. dxc3 Bd6 9. Ng5 Be7 10. Qxd8+ Nxd8 11. Nf3 f6 12. Be3 Bf5 13. Ne1 g5 14. Bd3 e4 15. Be2 Ne6 16. f3 exf3 17. Bxf3 0-0-0 18. Bxb7+ Kxb7 19. Rxf5 Ng7 20. Rf1 Rhe8 21. Bd4 Nh5 22. Nd3 c5 23. Nxc5+ Bxc5 24. Bxc5 Rd2 25. Rf2 Ree2 26. Rxe2 Rxe2 27. g3 Rxc2 28. Bd4 f5 29. Re1 f4 30. Re7+ Kc6 31. Rxh7 Kd5 32. Rxh5 Ke4 33. gxf4 gxf4 34. a4 Rd2 35. Rh3 a5 36. Kf1 Rb2 37. Bb6 Rxb3 38. Bxa5 f3 39. Bb4 Rb1+ 40. Kf2 Rb2+ 41. Kf1 Rb1+ 42. Kf2 Rb2+ 43. Ke1 Rb1+ 44. Kf2 Rb2+ 45. Kf1 Rb1+ 46. Kf2 Rb2+ 47. Kg3 Rg2+ 48. Kh4 f2 49. Bc5 f1Q 50. Re3+ Kd5 51. Bd4 Qf4+ 0-1

[Event "FIDE World Rapid Team"]
[Site "Almaty"]
[Date "2024.08.02"]
[Round "3.28"]
[White "Shakhman, Asanali"]
[Black "Kovanova, Mariya"]
[Result "0-1"]
[WhiteElo "1537"]
[BlackElo "2118"]
[PlyCount "72"]
[EventDate "2024.08.02"]
[EventType "team (rapid)"]
[EventRounds "12"]
[EventCountry "KAZ"]
[SourceTitle "CBM 221 Extra"]
[Source "ChessBase"]
[SourceDate "2024.09.30"]
[SourceVersion "1"]
[SourceVersionDate "2024.09.30"]
[SourceQuality "1"]
[WhiteTeam "Baiterekchess"]
[BlackTeam "Helicopter"]
[WhiteTeamCountry "KAZ"]
[BlackTeamCountry "KAZ"]

1. e4 d5 2. exd5 Qxd5 3. Nf3 Nf6 4. Be2 Bf5 5. 0-0 e6 6. d4 Nc6 7. c4 Qd7 8. Nc3 Rd8 9. Be3 Be7 10. Re1 0-0 11. Nh4 Ne4 12. Nxf5 exf5 13. Nxe4 fxe4 14. d5 Ne5 15. Qd4 Qf5 16. Qxa7 b6 17. Qa4 Rd6 18. Bd4 Nf3+ 19. Bxf3 exf3 20. Be5 Rg6 21. Bg3 Bd6 22. gxf3 Qxf3 23. Qb3 Qg4 24. Rac1 h5 25. Kh1 h4 26. Rg1 hxg3 27. Rxg3 Bxg3 28. fxg3 Qe4+ 29. Kg1 Re8 30. Rf1 Qd4+ 31. Kg2 Re2+ 32. Kh1 Qe4+ 33. Qf3 Qxf3+ 34. Rxf3 Rf6 35. Rxf6 gxf6 36. b3 Rxa2 0-1